Cultural references in developing reading comprehension

Gespeichert in:
Bibliographische Detailangaben
1. Verfasser: Hrivíková, Tatiana, 1959-
Format: Buchkapitel
Sprache:Englisch
Tags: Tag hinzufügen
Keine Tags, Fügen Sie das erste Tag hinzu!

MARC

LEADER 00000naa$a2200000$$$4500
001 0110803
005 20240502083256.7
041 0 |a eng 
044 |a HU 
245 1 0 |a Cultural references in developing reading comprehension  |c Tatiana Hrivíková 
100 1 |a Hrivíková, Tatiana, 1959-